00723nam a2200169 a 4500001000400000003000500004005001700009008004100026040002600067100002400093245024900117260004000366490002000406942001300426999001300439952010100452266CDMR20130319193052.0130130s1993||||||||||||||||||||||||||||d aCDMRbcatcCPC LLEIDA1 aFite, Francesc917610aArquitectura i repoblació en la Catalunya dels segles VIII-IXb: els orígens i l'evolució de l'arquitectura militar en les àrees de frontera, amb una atenció preferent per la zona del Montsec, a la Catalunya de PonentcFrancesc Fité aLleiadc1993bUniversitat de Lleida0 aEspai/Tempsv18 cMON2udc c266d266 00104070aLLEIDAbLLEIDAd2011-08-04l0o388COLpLLEIDA1312613781r2013-01-16w2013-01-16yMON